000 00681nam a2200229 a 4500
008
020 _a0408003456 (pbk.)
049 _aMAIN
090 _aTK9965
100 1 _aSinclair, Ian Robertson.
245 1 0 _aProjects in radio and electronics /
_cIan R. Sinclair.
260 _a[London] :
_bNewnes Technical Books,
_c1979.
300 _a92 p. :
_bill. ;
_c22 cm.
440 0 _aNewnes constructors projects
650 0 _aElectronics
_vAmateurs' manuals.
650 0 _aRadio
_vAmateurs' manuals.
907 _a.b10070874
_b27-02-04
_c17-04-03
003
005 20230123133529.0
040 _cNUST
942 _cBOOKS
_kTK9965
999 _c150200
_d150200